All Kirby Games - Statistics

General Stats
  • This quiz has been taken 11 times
  • The average score is 29 of 42
Answer Stats
Console Answer Status Release Date (North America) Re-released? % Correct
Nintendo 3DS Kirby: Planet Robobot Mainline June 10, 2016 No
100%
Game Boy Kirby's Dream Land Mainline August 1, 1992 Yes (Nintendo 3DS, Nintendo Switch)
100%
Game Boy Kirby's Dream Land 2 Mainline May 1, 1995 Yes (Nintendo 3DS, Nintendo Switch)
100%
SNES Kirby's Dream Land 3 Mainline November 1, 1997 Yes (Wii, Wii U, Nintendo Switch)
100%
Wii Kirby's Epic Yarn Mainline October 17, 2010 No
100%
Wii Kirby's Return to Dream Land Mainline October 24, 2011 No
100%
Nintendo 3DS Kirby: Triple Deluxe Mainline May 2, 2014 No
100%
GameCube Kirby Air Ride Spin-off October 13, 2003 No
83%
Nintendo Switch Kirby and the Forgotten Land Mainline March 25, 2022 No
83%
Nintendo 64 Kirby's Air Ride Canceled N/A
83%
Nintendo 3DS Kirby's Extra Epic Yarn Remake March 8, 2019 No
83%
Nintendo DS Kirby: Squeak Squad Mainline December 4, 2006 No
83%
Nintendo Switch Kirby's Return to Dream Land Deluxe Remake February 24, 2023 No
83%
SNES Kirby Super Star Mainline September 20, 1996 Yes (Wii, Wii U, SNES Classic Edition, Nintendo Switch)
83%
Nintendo DS Kirby Super Star Ultra Remake September 29, 2008 No
83%
Game Boy Advance Kirby & the Amazing Mirror Mainline October 18, 2004 Yes (Nintendo 3DS, Wii U, Nintendo Switch)
83%
Nintendo 3DS Dedede's Drum Dash Deluxe Spin-off August 24, 2014 No
67%
Nintendo 64 Kirby 64: The Crystal Shards Mainline June 26, 2000 Yes (Wii, Nintendo Switch)
67%
Nintendo Switch 2 Kirby Air Riders Spin-off November 20, 2025 No
67%
Wii U Kirby and the Rainbow Curse Mainline February 20, 2015 No
67%
Nintendo 3DS Kirby Battle Royale Spin-off January 19, 2018 No
67%
Nintendo DS Kirby: Canvas Curse Mainline June 13, 2005 No
67%
Nintendo Switch Kirby Fighters 2 Spin-off September 23, 2020 No
67%
Game Boy Advance Kirby: Nightmare in Dream Land Remake December 2, 2002 Yes (Wii U)
67%
NES Kirby's Adventure Mainline May 1, 1993 Yes (Wii, Nintendo 3DS, Wii U, NES Classic Edition, Nintendo Switch)
67%
Game Boy Kirby's Block Ball Spin-off May 13, 1996 Yes (Nintendo 3DS)
67%
Nintendo 3DS Kirby's Blowout Blast Spin-off July 6, 2017 No
67%
Nintendo Switch Kirby's Dream Buffet Spin-off August 17, 2022 No
67%
Game Boy Kirby's Pinball Land Spin-off November 30, 1993 Yes (Nintendo 3DS)
67%
Game Boy Kirby Star Stacker Spin-off July 7, 1997 Yes (SNES, Wii, Nintendo 3DS, Nintendo Switch)
67%
Nintendo 3DS Kirby Fighters Deluxe Spin-off August 24, 2014 No
50%
Nintendo DS Kirby Mass Attack Mainline September 19, 2011 No
50%
SNES Kirby's Dream Course Spin-off February 1,1995 Yes (Wii, Wii U, Nintendo Switch)
50%
Nintendo Switch Kirby Star Allies Mainline March 16, 2018 No
50%
Game Boy Color Kirby Tilt 'n' Tumble Spin-off April 9, 2001 Yes (Nintendo Switch)
50%
GameCube/Game Boy Advance Kirby Tilt 'n' Tumble 2 Canceled N/A
50%
Nintendo Switch Super Kirby Clash Spin-off September 9, 2019 No
50%
Nintendo 3DS Team Kirby Clash Deluxe Spin-off April 12, 2017 No
50%
Wii Kirby's Dream Collection Remake September 16, 2012 No
33%
Stellaview Kirby's Toy Box Spin-off N/A (No release) No
33%
SNES Kid Kirby Canceled N/A
17%
SNES Kirby's Avalanche Spin-off April 25, 1995 Yes (Wii, Nintendo Switch)
17%
No matching quizzes found
Score Distribution
Percent of People with Each Score
Percentile by Number Answered
Your Score History
You have not taken this quiz